| 000 | 01055nam a2200253 a 4500 | ||
|---|---|---|---|
| 001 | 83821 | ||
| 003 | BD-RjUL | ||
| 005 | 20240526125205.0 | ||
| 008 | 240526s2003 bg a|||| m||| 00| 0 eng d | ||
| 035 | _a(BD-RjUL)83821 | ||
| 040 |
_aBD-RjUL _beng _cBD-RjUL _dBD-RjUL |
||
| 041 | _aeng | ||
| 082 |
_223 _a595.78 _bAHE 2003 |
||
| 100 | _aAhsan, Md. Kamrul | ||
| 245 | 1 | 0 |
_aEvaluation and Utilization of Genetic Variability in Hybrid, Indigenous and Exotic Varieties of Mulberry Silkworm, Bombyxmori L. / _cBy Md. Kamrul Ahsan ; _6Supervisor : Sawdagar Mahfuzar Rahman, Supervisor : Md. Tajimul Haque |
| 260 |
_aRajshahi : _bDeaprtment of Zoology, University of Rajshahi, _c2003 |
||
| 300 |
_aiii, 261 Leaves : _bill, ; _c29 cm. |
||
| 502 | _aThesis (Ph. D.) -- Deaprtment of Zoology, University of Rajshahi, 2003 | ||
| 504 | _aLiterature Cited : Leaves [218]-233 | ||
| 650 |
_aArthropoda _vIndigenous _xEvaluation _913173 |
||
| 700 |
_aRahman, Sawdagar Mahfuzar, Supervisor _913174 |
||
| 700 |
_aHaque, Md. Tajimul, Supervisor _913175 |
||
| 942 |
_2ddc _cTHE |
||
| 999 |
_c83821 _d83821 |
||